000
00328 a2200109 4500
001
ART_45161
005
20260410161951.0
008
260409a
245
1
0
_a
Economic policy in stormy waters
100
1
_a
Calvo, Guillermo A.
773
0
_t
Journal of applied economics
_g
- Vol. 4, NÂș 1 (mayo 2001)
_w
REV28044
999
_c
30385
_d
30385